Equipos de Fútbol con mas finales de Copa Libertadores jugadas - Estadísticas

Estadísticas generales
  • Esta prueba ha sido intentada 584 veces
  • La puntuación promedio es 25 de 43
Estadísticas de respuestas
Finales jugadas Equipo % Correcto
11 Boca Juniors
98%
7 River Plate
98%
7 Independiente
95%
3 Flamengo
91%
6 Nacional
90%
1 Nacional
90%
10 Peñarol
90%
6 Palmeiras
85%
5 Santos
83%
2 Colo-Colo
78%
5 Estudiantes
77%
1 San Lorenzo
76%
6 Sao Paulo
75%
7 Olimpia
73%
5 Gremio
72%
3 Atlético Nacional
69%
1 Fluminense
68%
1 Once Caldas
64%
1 Argentinos Juniors
63%
1 Racing Club
62%
1 Corinthians
61%
4 América de Cali
58%
1 Atlético Mineiro
58%
3 Internacional
58%
4 Cruzeiro
57%
1 Liga de Quito
55%
1 Lanús
52%
1 Vasco da Gama
47%
1 Vélez Sársfield
47%
2 Barcelona
43%
1 Tigres
42%
1 Independiente del Valle
39%
1 Universidad Católica
39%
1 Universitario
34%
2 Newells Old Boys
33%
1 Sporting Cristal
31%
2 Deportivo Cali
29%
1 Atlético Paranaense
28%
1 Cruz Azul
28%
2 Cobreloa
26%
1 Sao Caetano
21%
1 Unión Española
20%
1 Guadalajara
19%
No se encontraron pruebas coincidentes
Distribución de puntuación
Porcentaje de gente con cada puntuación
Porcentaje por número respondido
Historial de tus puntuaciones
No has intentado esta prueba.